Kluby LaLigi - Nagła Śmierć - Poziom średni - Statystyki

Ogólne statystyki
  • Ten quiz został rozwiązany 234 razy
  • Średni wynik to 10 z 20
Answers on the Grid
Answers color-coded by a green-red scale on the quiz's grid according to % correct below.
Ath. Bilbao
Atletico Madryt
Cadiz
Celta
D. Alaves
Elche
Espanyol
FCB
Real Oviedo
Getafe
Girona FC
Granada
Las Palmas
Lech Poznań
Lechia Gdańsk
Leganes
Levante
Mallorca
Napoli
Osasuna
PSG
Rayo Valecano
Real Betis
Real Madryt
Real Sociedad
Sevilla
Shaktar Donietsk
Southampton
Valencia
Valladolid
Villarreal
 
Statystyki odpowiedzi
Odpowiedź % Poprawnych
Ath. Bilbao
93%
Atletico Madryt
90%
Celta
62%
FCB
59%
D. Alaves
53%
Espanyol
53%
Real Sociedad
51%
Sevilla
49%
Valencia
49%
Real Madryt
48%
Las Palmas
47%
Villarreal
47%
Getafe
45%
Girona FC
45%
Rayo Valecano
45%
Real Betis
44%
Osasuna
43%
Mallorca
41%
Valladolid
38%
Leganes
34%
Nie znaleziono quizów pasujących do podanych kryteriów
Rozkład punktacji
Procent ludzi z każdym wynikiem
Percentyl według liczby udzielonych odpowiedzi
Twoja historia wyników
Nie rozwiązałeś tego quizu